[Event "PMPJ 2022- D17"]
[Site "Jastrzebia Gora"]
[Date "2022.11.11"]
[Round "8.3"]
[White "Pietrzak, Emilia"]
[Black "Tittor, Weronika"]
[Result "1-0"]
[BlackElo "1335"]
[WhiteElo "1386"]
[LiveChessVersion "1.4.8"]

1. e4 {[%clk 1:29:47]} c5 {[%clk 1:30:54]} 2. Nf3 {[%clk 1:30:14]} Nc6
{[%clk 1:31:10]} 3. d4 {[%clk 1:30:37]} cxd4 {[%clk 1:31:31]} 4. Nxd4
{[%clk 1:31:01]} Nf6 {[%clk 1:31:51]} 5. Nc3 {[%clk 1:31:11]} d6 {[%clk 1:32:02]}
6. Bg5 {[%clk 1:31:17]} g6 {[%clk 1:32:22]} 7. f3 {[%clk 1:30:41]} Bg7
{[%clk 1:32:36]} 8. Qd2 {[%clk 1:30:52]} Qb6 {[%clk 1:31:43]} 9. Nb3
{[%clk 1:27:49]} Be6 {[%clk 1:27:09]} 10. Be3 {[%clk 1:19:49]} Qc7
{[%clk 1:26:35]} 11. Nd5 {[%clk 1:15:03]} Bxd5 {[%clk 1:19:24]} 12. exd5
{[%clk 1:15:25]} Ne5 {[%clk 1:19:23]} 13. Bb5+ {[%clk 1:14:27]} Ned7
{[%clk 1:19:09]} 14. Rc1 {[%clk 1:07:28]} a6 {[%clk 1:14:15]} 15. Be2
{[%clk 1:05:29]} Nc5 {[%clk 1:10:33]} 16. O-O {[%clk 1:00:05]} O-O
{[%clk 1:10:23]} 17. c4 {[%clk 0:54:37]} Qd7 {[%clk 1:08:41]} 18. Nxc5
{[%clk 0:52:44]} dxc5 {[%clk 1:08:58]} 19. Bxc5 {[%clk 0:52:15]} Rfe8
{[%clk 1:06:45]} 20. Rfd1 {[%clk 0:48:34]} Qf5 {[%clk 1:04:14]} 21. Qd3
{[%clk 0:42:40]} Qe5 {[%clk 1:02:44]} 22. Bd4 {[%clk 0:41:38]} Qd6
{[%clk 1:02:31]} 23. Qe3 {[%clk 0:40:05]} e5 {[%clk 1:01:20]} 24. Bc5
{[%clk 0:37:50]} Qc7 {[%clk 1:01:11]} 25. Bb6 {[%clk 0:37:33]} Qd7
{[%clk 1:00:48]} 26. Bd3 {[%clk 0:36:39]} Qd6 {[%clk 1:01:01]} 27. Qc5
{[%clk 0:32:00]} Qxc5+ {[%clk 1:00:00]} 28. Bxc5 {[%clk 0:32:28]} Rac8
{[%clk 1:00:09]} 29. Be3 {[%clk 0:32:17]} e4 {[%clk 1:00:29]} 30. fxe4
{[%clk 0:28:44]} Nxe4 {[%clk 1:00:22]} 31. Rc2 {[%clk 0:22:38]} Nc5
{[%clk 1:00:16]} 32. Bf2 {[%clk 0:22:15]} Nxd3 {[%clk 1:00:36]} 33. Rxd3
{[%clk 0:22:44]} Bf8 {[%clk 0:58:13]} 34. d6 {[%clk 0:21:33]} Red8
{[%clk 0:58:25]} 35. d7 {[%clk 0:20:07]} Rc7 {[%clk 0:58:44]} 36. Rcd2
{[%clk 0:19:55]} Rxc4 {[%clk 0:58:54]} 37. Rc3 {[%clk 0:19:35]} Rxc3
{[%clk 0:57:27]} 38. bxc3 {[%clk 0:20:03]} Be7 {[%clk 0:57:33]} 39. Bb6
{[%clk 0:20:18]} Kf8 {[%clk 0:57:21]} 40. Bxd8 {[%clk 0:20:33]} Bxd8
{[%clk 0:57:44]} 41. Kf2 {[%clk 0:19:52]} Ke7 {[%clk 0:58:03]} 42. Kf3
{[%clk 0:20:12]} Ke6 {[%clk 0:58:13]} 43. Rd1 {[%clk 0:19:53]} Ke7
{[%clk 0:58:27]} 44. g4 {[%clk 0:19:47]} Bc7 {[%clk 0:55:25]} 45. Ke4
{[%clk 0:19:15]} Kd8 {[%clk 0:55:47]} 46. h3 {[%clk 0:19:22]} Ba5
{[%clk 0:56:05]} 47. Rd3 {[%clk 0:18:49]} Bc7 {[%clk 0:56:15]} 48. a4
{[%clk 0:17:01]} Ke7 {[%clk 0:56:37]} 49. Rd1 {[%clk 0:16:48]} Kd8
{[%clk 0:56:56]} 50. Rb1 {[%clk 0:16:53]} Kxd7 {[%clk 0:57:03]} 51. Rxb7
{[%clk 0:17:20]} Kc6 {[%clk 0:57:16]} 52. Rb1 {[%clk 0:17:30]} Kd6
{[%clk 0:57:32]} 53. Rf1 {[%clk 0:17:43]} Ke6 {[%clk 0:57:52]} 54. Kd4
{[%clk 0:17:47]} f5 {[%clk 0:58:10]} 55. gxf5+ {[%clk 0:17:30]} gxf5
{[%clk 0:58:30]} 56. Re1+ {[%clk 0:17:19]} Kd6 {[%clk 0:58:25]} 57. Rf1
{[%clk 0:16:47]} Ke6 {[%clk 0:58:37]} 58. c4 {[%clk 0:16:41]} f4 {[%clk 0:58:51]}
59. Ke4 {[%clk 0:16:55]} Kd7 {[%clk 0:58:34]} 60. Rg1 {[%clk 0:16:47]} Kc6
{[%clk 0:58:36]} 61. Rg7 {[%clk 0:16:35]} Bb8 {[%clk 0:58:35]} 62. Rxh7
{[%clk 0:16:42]} Kc5 {[%clk 0:59:00]} 63. Kd3 {[%clk 0:16:55]} Bd6
{[%clk 0:58:45]} 64. Rf7 {[%clk 0:16:49]} Kb4 {[%clk 0:59:02]} 65. Rf6
{[%clk 0:17:02]} Kc5 {[%clk 0:59:25]} 66. h4 {[%clk 0:16:37]} a5 {[%clk 0:59:45]}
67. h5 {[%clk 0:16:46]} Bc7 {[%clk 1:00:03]} 68. Rf7 {[%clk 0:16:30]} Bd6
{[%clk 1:00:11]} 69. h6 {[%clk 0:15:45]} Kb4 {[%clk 1:00:31]} 70. h7
{[%clk 0:15:52]} Be5 {[%clk 1:00:53]} 71. Rf8 {[%clk 0:16:03]} Kxa4 72. h8=Q
{[%clk 0:15:33]} Bxh8 {[%clk 1:01:37]} 73. Rxh8 {[%clk 0:16:01]} Ka3
{[%clk 1:01:44]} 74. Rf8 {[%clk 0:16:00]} Ka2 {[%clk 1:02:05]} 75. Rxf4
{[%clk 0:16:22]} Ka1 {[%clk 1:02:23]} 76. c5 {[%clk 0:16:46]} a4 {[%clk 1:02:43]}
77. Rxa4+ {[%clk 0:17:14]} 1-0

[Event "PMPJ 2022- D17"]
[Site "Jastrzebia Gora"]
[Date "2022.11.11"]
[Round "8.4"]
[White "Bartoszek, Julia"]
[Black "Labedz, Gabriela"]
[Result "0-1"]
[BlackElo "1365"]
[WhiteElo "1253"]
[LiveChessVersion "1.4.8"]

1. d4 {[%clk 1:30:55]} d5 {[%clk 1:30:52]} 2. Nf3 {[%clk 1:31:15]} e6
{[%clk 1:31:12]} 3. Bf4 {[%clk 1:31:28]} Bd6 {[%clk 1:29:10]} 4. Bg3
{[%clk 1:31:14]} Ne7 {[%clk 1:26:44]} 5. e3 {[%clk 1:30:42]} O-O {[%clk 1:26:40]}
6. Bd3 {[%clk 1:30:31]} c5 {[%clk 1:24:45]} 7. c3 {[%clk 1:29:27]} b6
{[%clk 1:22:28]} 8. e4 {[%clk 1:25:38]} dxe4 {[%clk 1:17:41]} 9. Bxe4
{[%clk 1:25:32]} Nbc6 {[%clk 1:15:42]} 10. Qc2 {[%clk 1:21:56]} f5
{[%clk 1:11:52]} 11. Bxc6 {[%clk 1:20:06]} Nxc6 {[%clk 1:12:08]} 12. Bxd6
{[%clk 1:20:26]} Qxd6 {[%clk 1:12:25]} 13. dxc5 {[%clk 1:20:45]} Qxc5
{[%clk 1:11:22]} 14. O-O {[%clk 1:20:58]} Ba6 {[%clk 1:07:03]} 15. Re1
{[%clk 1:20:39]} Nb4 {[%clk 1:03:02]} 16. Qa4 {[%clk 1:16:15]} Nd3
{[%clk 1:01:06]} 17. Rf1 {[%clk 1:09:56]} Bb7 {[%clk 0:50:38]} 18. Qc2
{[%clk 1:04:58]} Bxf3 {[%clk 0:41:16]} 19. Qxd3 {[%clk 1:05:01]} Bd5
{[%clk 0:39:58]} 20. Re1 {[%clk 1:02:27]} Rad8 {[%clk 0:35:37]} 21. Qe3
{[%clk 0:56:21]} Qxe3 {[%clk 0:32:18]} 22. Rxe3 {[%clk 0:56:44]} Bxa2
{[%clk 0:30:54]} 23. Na3 {[%clk 0:56:41]} Rd2 {[%clk 0:24:24]} 24. b4
{[%clk 0:55:34]} Rfd8 {[%clk 0:24:00]} 25. h3 {[%clk 0:54:34]} Rd1+
{[%clk 0:21:04]} 26. Rxd1 {[%clk 0:54:36]} Rxd1+ {[%clk 0:21:31]} 27. Kh2
{[%clk 0:54:53]} a6 {[%clk 0:20:32]} 28. c4 {[%clk 0:52:52]} Kf7 {[%clk 0:20:15]}
29. Rc3 {[%clk 0:51:49]} Bb1 {[%clk 0:17:38]} 30. f3 {[%clk 0:50:00]} Ke7
{[%clk 0:14:29]} 31. c5 {[%clk 0:47:56]} bxc5 {[%clk 0:13:57]} 32. bxc5
{[%clk 0:48:19]} Ba2 {[%clk 0:12:47]} 33. c6 {[%clk 0:47:13]} Kd8
{[%clk 0:13:09]} 34. c7+ {[%clk 0:46:28]} Kc8 {[%clk 0:13:36]} 35. Nc4
{[%clk 0:46:12]} Bxc4 {[%clk 0:13:55]} 36. Rxc4 {[%clk 0:46:37]} a5
{[%clk 0:11:37]} 37. Rc6 {[%clk 0:46:22]} Re1 {[%clk 0:11:43]} 38. Ra6
{[%clk 0:46:39]} Re5 {[%clk 0:09:00]} 39. f4 {[%clk 0:46:14]} Rc5
{[%clk 0:08:51]} 40. Rxe6 {[%clk 0:46:25]} Rxc7 {[%clk 0:06:52]} 41. Re5
{[%clk 0:46:46]} Ra7 {[%clk 0:07:10]} 42. Rxf5 {[%clk 0:47:11]} a4
{[%clk 0:07:30]} 43. Rc5+ {[%clk 0:46:41]} Kd7 {[%clk 0:07:21]} 44. Rc1
{[%clk 0:46:56]} a3 {[%clk 0:07:47]} 45. Ra1 {[%clk 0:47:13]} a2 {[%clk 0:08:14]}
46. Kg1 {[%clk 0:47:28]} Ke6 {[%clk 0:08:09]} 47. Kf2 {[%clk 0:47:48]} Kf5
{[%clk 0:08:19]} 48. g3 {[%clk 0:47:34]} Ra3 {[%clk 0:08:42]} 49. h4
{[%clk 0:46:01]} Ke4 {[%clk 0:08:36]} 50. Ke2 {[%clk 0:45:01]} Rxg3
{[%clk 0:08:53]} 51. Kf2 {[%clk 0:45:15]} Ra3 {[%clk 0:09:19]} 52. Re1+
{[%clk 0:45:27]} Kxf4 {[%clk 0:09:42]} 53. Ra1 {[%clk 0:45:47]} Kg4
{[%clk 0:10:07]} 54. Kg2 {[%clk 0:46:05]} Kxh4 {[%clk 0:10:31]} 55. Rh1+
{[%clk 0:46:21]} Kg4 {[%clk 0:10:57]} 56. Ra1 {[%clk 0:46:43]} Kf4
{[%clk 0:11:23]} 57. Rf1+ {[%clk 0:47:07]} Ke4 {[%clk 0:11:38]} 58. Ra1
{[%clk 0:47:20]} Kd4 {[%clk 0:12:05]} 59. Kf2 {[%clk 0:47:42]} 0-1

[Event "PMPJ 2022- D17"]
[Site "Jastrzebia Gora"]
[Date "2022.11.11"]
[Round "8.5"]
[White "Lopusiewicz, Marta"]
[Black "Czerwinska, Oliwia"]
[Result "0-1"]
[BlackElo "1392"]
[WhiteElo "1270"]
[LiveChessVersion "1.4.8"]

1. d4 {[%clk 1:30:59]} d6 {[%clk 1:30:56]} 2. e4 {[%clk 1:30:30]} Nf6
{[%clk 1:31:08]} 3. Nc3 {[%clk 1:30:38]} e5 {[%clk 1:31:12]} 4. dxe5
{[%clk 1:28:44]} dxe5 {[%clk 1:31:32]} 5. Qxd8+ {[%clk 1:28:07]} Kxd8
{[%clk 1:31:55]} 6. Bg5 {[%clk 1:28:04]} Nbd7 {[%clk 1:29:43]} 7. O-O-O
{[%clk 1:27:23]} Bd6 {[%clk 1:28:18]} 8. Bc4 {[%clk 1:24:33]} Ke8
{[%clk 1:27:03]} 9. Nb5 {[%clk 1:21:29]} Nxe4 {[%clk 1:24:56]} 10. Nxd6+
{[%clk 1:20:58]} Nxd6 {[%clk 1:17:05]} 11. Bb3 {[%clk 1:21:12]} f6
{[%clk 1:16:28]} 12. Be3 {[%clk 1:20:59]} Nf5 {[%clk 1:15:38]} 13. Rd3
{[%clk 1:18:36]} Ke7 {[%clk 1:11:46]} 14. Ne2 {[%clk 1:16:36]} Rd8
{[%clk 1:07:46]} 15. Rhd1 {[%clk 1:06:56]} Nxe3 {[%clk 1:03:14]} 16. fxe3
{[%clk 1:07:16]} Rf8 {[%clk 0:59:34]} 17. Nc3 {[%clk 0:58:42]} Nb6
{[%clk 0:55:21]} 18. Nb5 {[%clk 0:45:02]} Bg4 {[%clk 0:54:18]} 19. Nxc7
{[%clk 0:44:24]} Rac8 {[%clk 0:52:22]} 20. Nd5+ {[%clk 0:44:12]} Nxd5
{[%clk 0:52:42]} 21. Rxd5 {[%clk 0:44:31]} Bxd1 {[%clk 0:53:04]} 22. Rd7+
{[%clk 0:44:56]} Kxd7 {[%clk 0:53:24]} 0-1

[Event "PMPJ 2022- D17"]
[Site "Jastrzebia Gora"]
[Date "2022.11.11"]
[Round "8.6"]
[White "Gaczol, Julia"]
[Black "Bauer, Marika"]
[Result "1/2-1/2"]
[BlackElo "1129"]
[WhiteElo "1466"]
[LiveChessVersion "1.4.8"]

1. e4 {[%clk 1:30:58]} e5 {[%clk 1:30:57]} 2. Nf3 {[%clk 1:31:22]} Nc6
{[%clk 1:31:23]} 3. Bb5 {[%clk 1:31:46]} a6 {[%clk 1:31:48]} 4. Ba4
{[%clk 1:32:12]} Nf6 {[%clk 1:31:46]} 5. O-O {[%clk 1:31:59]} b5 {[%clk 1:32:02]}
6. Bb3 {[%clk 1:32:21]} Bc5 {[%clk 1:32:19]} 7. d3 {[%clk 1:22:40]} h6
{[%clk 1:31:02]} 8. c3 {[%clk 1:21:20]} d6 {[%clk 1:29:01]} 9. h3
{[%clk 1:14:53]} O-O {[%clk 1:26:40]} 10. Re1 {[%clk 1:08:33]} Re8
{[%clk 1:26:04]} 11. Nbd2 {[%clk 1:02:58]} Be6 {[%clk 1:24:42]} 12. Bxe6
{[%clk 0:54:55]} Rxe6 {[%clk 1:22:58]} 13. Nf1 {[%clk 0:51:38]} Bb6
{[%clk 1:20:23]} 14. Be3 {[%clk 0:42:46]} Bxe3 {[%clk 1:18:39]} 15. Nxe3
{[%clk 0:42:58]} Nh5 {[%clk 1:17:12]} 16. Nd5 {[%clk 0:38:16]} Ne7
{[%clk 1:14:11]} 17. d4 {[%clk 0:35:37]} Nf4 {[%clk 1:03:34]} 18. Nxf4
{[%clk 0:33:35]} exf4 {[%clk 1:03:52]} 19. e5 {[%clk 0:30:27]} Ng6
{[%clk 1:02:23]} 20. exd6 {[%clk 0:29:15]} Qxd6 {[%clk 1:02:42]} 21. a4
{[%clk 0:25:48]} Rae8 {[%clk 1:00:30]} 22. axb5 {[%clk 0:20:49]} axb5
{[%clk 1:00:50]} 23. Rxe6 {[%clk 0:19:36]} Qxe6 {[%clk 1:00:51]} 24. Qd2
{[%clk 0:17:52]} Kf8 {[%clk 0:59:05]} 25. Re1 {[%clk 0:13:45]} Qf5
{[%clk 0:59:13]} 26. Rxe8+ {[%clk 0:13:33]} Kxe8 {[%clk 0:59:35]} 27. Ne1
{[%clk 0:12:55]} Nh4 {[%clk 0:58:24]} 28. Kh2 {[%clk 0:06:55]} Kf8
{[%clk 0:55:59]} 29. Qd3 {[%clk 0:04:31]} g5 {[%clk 0:54:46]} 30. Qxf5
{[%clk 0:04:22]} Nxf5 {[%clk 0:55:11]} 31. Nd3 {[%clk 0:04:08]} Ke7
{[%clk 0:55:16]} 32. g3 {[%clk 0:04:06]} fxg3+ {[%clk 0:55:03]} 33. fxg3
{[%clk 0:04:30]} Ne3 {[%clk 0:55:13]} 34. Kg1 {[%clk 0:04:35]} Kd6
{[%clk 0:55:19]} 35. Kf2 {[%clk 0:04:51]} Nd5 {[%clk 0:54:53]} 36. Ne5
{[%clk 0:04:20]} Ke6 {[%clk 0:54:59]} 37. Kf3 {[%clk 0:03:10]} f5
{[%clk 0:54:51]} 38. Nd3 {[%clk 0:03:00]} Ne7 {[%clk 0:52:16]} 39. Ne5
{[%clk 0:02:33]} 1/2-1/2

[Event "PMPJ 2022- D17"]
[Site "Jastrzebia Gora"]
[Date "2022.11.11"]
[Round "8.7"]
[White "Bychowska, Marta"]
[Black "Rozumek, Paulina"]
[Result "1-0"]
[BlackElo "1056"]
[WhiteElo "1481"]
[LiveChessVersion "1.4.8"]

1. c4 g6 2. Nc3 d6 3. g3 Bg7 4. Bg2 Nf6 5. e3 O-O 6. Nge2 e5 7. O-O Re8 8. d4 Nc6
9. d5 Ne7 10. e4 Nd7 11. b4 a5 12. b5 f5 13. Rb1 Nc5 14. Be3 Nxe4 15. Nxe4 fxe4
16. Bxe4 Bf5 17. Nc3 Qd7 18. Qd2 Rf8 19. Rb3 a4 20. Bxf5 Qxf5 21. Ra3 Qg4 22. Qe2
Qxe2 23. Nxe2 c6 24. dxc6 bxc6 25. b6 c5 26. Nc3 Rfb8 27. Rxa4 Nc6 28. Rxa8 Rxa8
29. Rd1 Bf8 30. Rc1 Be7 31. Rc2 Ra6 32. Rb2 Bd8 33. Nd5 Ra8 34. Bd2 Rb8 35. a4
Kf7 36. a5 Ne7 37. Nxe7 Kxe7 38. Bg5+ Kd7 39. Bxd8 Kxd8 40. a6 1-0

[Event "PMPJ 2022- D17"]
[Site "Jastrzebia Gora"]
[Date "2022.11.11"]
[Round "8.8"]
[White "Olszewska, Wiktoria"]
[Black "Nagly, Malgorzata"]
[Result "1-0"]
[BlackElo "1077"]
[WhiteElo "1353"]
[LiveChessVersion "1.4.8"]

1. e4 {[%clk 1:30:02]} e6 {[%clk 1:30:50]} 2. d4 {[%clk 1:30:16]} d5
{[%clk 1:31:13]} 3. Nd2 {[%clk 1:30:38]} dxe4 {[%clk 1:31:22]} 4. Nxe4
{[%clk 1:30:56]} Nd7 {[%clk 1:31:30]} 5. Nf3 {[%clk 1:29:00]} Ngf6
{[%clk 1:31:01]} 6. Nxf6+ {[%clk 1:28:46]} Nxf6 {[%clk 1:31:06]} 7. Bd3
{[%clk 1:25:03]} c5 {[%clk 1:27:55]} 8. O-O {[%clk 1:14:20]} cxd4
{[%clk 1:24:55]} 9. Nxd4 {[%clk 1:12:33]} Bc5 {[%clk 1:23:09]} 10. Be3
{[%clk 1:10:20]} Qb6 {[%clk 1:08:33]} 11. Rb1 {[%clk 0:59:44]} O-O
{[%clk 0:58:23]} 12. c3 {[%clk 0:58:57]} a5 {[%clk 0:39:17]} 13. Nc2
{[%clk 0:55:26]} e5 {[%clk 0:33:33]} 14. Re1 {[%clk 0:50:10]} Bg4
{[%clk 0:28:43]} 15. Qc1 {[%clk 0:41:06]} Rad8 {[%clk 0:23:11]} 16. Be2
{[%clk 0:39:38]} Rfe8 {[%clk 0:18:18]} 17. Bxc5 {[%clk 0:37:52]} Qxc5
{[%clk 0:18:39]} 18. Ne3 {[%clk 0:37:57]} Bxe2 {[%clk 0:17:22]} 19. Rxe2
{[%clk 0:38:18]} e4 {[%clk 0:14:17]} 20. Rd2 {[%clk 0:36:43]} Qg5
{[%clk 0:09:13]} 21. Qd1 {[%clk 0:34:42]} Rxd2 {[%clk 0:06:00]} 22. Qxd2
{[%clk 0:35:09]} Ng4 {[%clk 0:06:05]} 23. Qd7 {[%clk 0:33:14]} Nf6
{[%clk 0:01:32]} 24. Qxb7 {[%clk 0:33:19]} h5 {[%clk 0:01:34]} 25. Rd1
{[%clk 0:32:01]} Re5 {[%clk 0:01:12]} 26. Rd8+ {[%clk 0:28:05]} Ne8
{[%clk 0:00:59]} 27. Qb8 {[%clk 0:25:24]} Kf8 {[%clk 0:00:36]} 28. f4
{[%clk 0:24:19]} Qxf4 {[%clk 0:00:35]} 29. Rxe8+ {[%clk 0:24:35]} Rxe8
{[%clk 0:00:47]} 30. Qxf4 {[%clk 0:24:57]} g6 {[%clk 0:00:41]} 31. Nc4
{[%clk 0:24:41]} Kg7 {[%clk 0:00:34]} 32. Nd6 {[%clk 0:24:23]} Re7
{[%clk 0:00:54]} 33. Nxe4 {[%clk 0:24:42]} f5 {[%clk 0:00:54]} 34. Nc5
{[%clk 0:24:22]} Re1+ {[%clk 0:00:59]} 35. Kf2 {[%clk 0:24:49]} Ra1
{[%clk 0:01:07]} 36. a3 {[%clk 0:23:20]} Ra2 {[%clk 0:01:30]} 37. Qc1
{[%clk 0:23:38]} 1-0

[Event "PMPJ 2022- D17"]
[Site "Jastrzebia Gora"]
[Date "2022.11.13"]
[Round "9.1"]
[White "Samol, Julia"]
[Black "Gornisiewicz, Natalia"]
[Result "1/2-1/2"]
[BlackElo "1384"]
[WhiteElo "1312"]
[LiveChessVersion "1.4.8"]

1. e4 {[%clk 1:30:57]} Nf6 {[%clk 1:30:55]} 2. e5 {[%clk 1:31:07]} Nd5
{[%clk 1:31:17]} 3. d4 {[%clk 1:31:26]} d6 {[%clk 1:31:42]} 4. Nf3
{[%clk 1:31:11]} dxe5 {[%clk 1:31:59]} 5. Nxe5 {[%clk 1:31:34]} c6
{[%clk 1:31:38]} 6. Be2 {[%clk 1:27:59]} g6 {[%clk 1:30:38]} 7. O-O
{[%clk 1:27:38]} Nd7 {[%clk 1:29:59]} 8. Nf3 {[%clk 1:27:16]} Bg7
{[%clk 1:30:08]} 9. c4 {[%clk 1:26:29]} N5b6 {[%clk 1:30:13]} 10. Nc3
{[%clk 1:26:10]} O-O {[%clk 1:29:46]} 11. Bf4 {[%clk 1:24:44]} Nf6
{[%clk 1:24:34]} 12. h3 {[%clk 1:23:41]} Be6 {[%clk 1:18:08]} 13. b3
{[%clk 1:15:49]} Nc8 {[%clk 1:16:31]} 14. Rc1 {[%clk 1:13:27]} Nd6
{[%clk 1:09:29]} 15. Qc2 {[%clk 1:10:59]} Bf5 {[%clk 1:08:05]} 16. Bd3
{[%clk 1:09:46]} Bxd3 {[%clk 1:07:19]} 17. Qxd3 {[%clk 1:10:12]} Rc8
{[%clk 1:05:14]} 18. Rfd1 {[%clk 1:08:03]} e6 {[%clk 1:04:52]} 19. Qc2
{[%clk 1:03:27]} a6 {[%clk 1:01:59]} 20. Rd2 {[%clk 0:53:03]} b5 {[%clk 0:58:34]}
21. c5 {[%clk 0:53:03]} Nde8 {[%clk 0:58:19]} 22. Rcd1 {[%clk 0:46:45]} Nc7
{[%clk 0:55:32]} 23. Bd6 {[%clk 0:44:01]} Re8 {[%clk 0:55:52]} 24. Ne4
{[%clk 0:40:56]} Ncd5 {[%clk 0:54:51]} 25. Be5 {[%clk 0:37:54]} Nxe4
{[%clk 0:51:12]} 26. Qxe4 {[%clk 0:33:33]} Nc3 {[%clk 0:50:22]} 27. Qf4
{[%clk 0:30:54]} Nxd1 {[%clk 0:49:58]} 28. Rxd1 {[%clk 0:31:21]} Bxe5
{[%clk 0:48:29]} 29. Nxe5 {[%clk 0:31:19]} f6 {[%clk 0:38:35]} 30. Ng4
{[%clk 0:30:23]} Rf8 {[%clk 0:38:31]} 31. Re1 {[%clk 0:29:52]} g5
{[%clk 0:36:58]} 32. Qe4 {[%clk 0:16:53]} Qd5 {[%clk 0:34:04]} 33. Qxe6+
{[%clk 0:12:52]} Qxe6 {[%clk 0:34:17]} 34. Rxe6 {[%clk 0:13:18]} Kg7
{[%clk 0:34:25]} 35. Ne3 {[%clk 0:12:19]} Kf7 {[%clk 0:32:26]} 36. Rd6
{[%clk 0:11:54]} Kg6 {[%clk 0:27:11]} 37. Ng4 {[%clk 0:11:28]} Kg7
{[%clk 0:27:07]} 38. Rd7+ {[%clk 0:10:22]} Rf7 {[%clk 0:27:03]} 39. Rd6
{[%clk 0:10:47]} h5 {[%clk 0:24:57]} 40. Ne3 {[%clk 0:10:56]} Rcc7
{[%clk 0:24:25]} 41. Re6 {[%clk 0:10:01]} Rfd7 {[%clk 0:23:06]} 42. Nf5+
{[%clk 0:08:18]} Kg6 {[%clk 0:20:49]} 43. g4 {[%clk 0:08:33]} hxg4
{[%clk 0:19:42]} 44. hxg4 {[%clk 0:09:02]} Kf7 {[%clk 0:19:03]} 45. Re3
{[%clk 0:08:59]} a5 {[%clk 0:16:26]} 46. a3 {[%clk 0:09:11]} Ra7 {[%clk 0:09:53]}
47. Kg2 {[%clk 0:09:15]} a4 {[%clk 0:09:55]} 48. b4 {[%clk 0:09:41]} Rd5
{[%clk 0:04:53]} 49. Rf3 {[%clk 0:09:12]} Rad7 {[%clk 0:04:55]} 50. Rd3
{[%clk 0:09:03]} Rd8 {[%clk 0:04:23]} 51. Kf3 {[%clk 0:06:58]} Rh8
{[%clk 0:04:16]} 52. Kg2 {[%clk 0:07:20]} Rhd8 {[%clk 0:04:02]} 53. Kf3
{[%clk 0:07:44]} Kf8 {[%clk 0:04:20]} 54. Rd1 {[%clk 0:05:52]} 1/2-1/2

[Event "PMPJ 2022- D17"]
[Site "Jastrzebia Gora"]
[Date "2022.11.13"]
[Round "9.2"]
[White "Czerwinska, Oliwia"]
[Black "Krzyzosiak, Anna"]
[Result "1/2-1/2"]
[BlackElo "1434"]
[WhiteElo "1392"]
[LiveChessVersion "1.4.8"]

1. e4 {[%clk 1:30:57]} c5 {[%clk 1:30:56]} 2. Nf3 {[%clk 1:31:23]} d6
{[%clk 1:31:19]} 3. Nc3 {[%clk 1:31:48]} Nf6 {[%clk 1:31:23]} 4. e5
{[%clk 1:32:01]} dxe5 {[%clk 1:28:02]} 5. Nxe5 {[%clk 1:32:10]} Nbd7
{[%clk 1:26:08]} 6. d4 {[%clk 1:30:38]} Nxe5 {[%clk 1:22:01]} 7. dxe5
{[%clk 1:30:59]} Qxd1+ {[%clk 1:21:46]} 8. Nxd1 {[%clk 1:30:57]} Nd5
{[%clk 1:20:09]} 9. Ne3 {[%clk 1:29:31]} Nxe3 {[%clk 1:04:54]} 10. Bxe3
{[%clk 1:29:51]} e6 {[%clk 1:04:18]} 11. Bb5+ {[%clk 1:29:35]} Bd7
{[%clk 1:03:39]} 12. Bxd7+ {[%clk 1:29:37]} Kxd7 {[%clk 1:04:04]} 13. O-O-O+
{[%clk 1:29:53]} Kc7 {[%clk 1:02:16]} 14. c4 {[%clk 1:28:32]} Be7
{[%clk 0:58:03]} 15. Rd3 {[%clk 1:27:11]} Rhd8 {[%clk 0:54:04]} 16. Rhd1
{[%clk 1:27:12]} Rxd3 {[%clk 0:53:29]} 17. Rxd3 {[%clk 1:27:35]} Rd8
{[%clk 0:52:46]} 18. Kc2 {[%clk 1:27:25]} Rxd3 {[%clk 0:49:30]} 19. Kxd3
{[%clk 1:27:49]} Kc6 {[%clk 0:46:45]} 20. a4 {[%clk 1:27:24]} b6 {[%clk 0:36:45]}
21. b3 {[%clk 1:24:33]} a6 {[%clk 0:36:43]} 22. f4 {[%clk 1:23:46]} h5
{[%clk 0:29:50]} 23. g3 {[%clk 1:22:29]} b5 {[%clk 0:28:57]} 24. axb5+
{[%clk 1:21:25]} axb5 {[%clk 0:29:23]} 25. h3 {[%clk 1:19:13]} Bd8
{[%clk 0:24:22]} 26. Bd2 {[%clk 1:18:33]} Be7 {[%clk 0:22:51]} 27. Be1
{[%clk 1:17:38]} g6 {[%clk 0:21:02]} 28. Bf2 {[%clk 1:16:17]} Bd8
{[%clk 0:20:44]} 29. Be1 {[%clk 1:16:39]} Be7 {[%clk 0:21:05]} 30. Bf2
{[%clk 1:17:02]} Bd8 {[%clk 0:21:05]} 31. Be1 {[%clk 1:17:24]} 1/2-1/2

[Event "PMPJ 2022- D17"]
[Site "Jastrzebia Gora"]
[Date "2022.11.13"]
[Round "9.3"]
[White "Sivickis, Kornelia"]
[Black "Pietrzak, Emilia"]
[Result "1/2-1/2"]
[BlackElo "1386"]
[WhiteElo "1159"]
[LiveChessVersion "1.4.8"]

1. Nf3 {[%clk 1:30:59]} d5 {[%clk 1:27:12]} 2. c4 {[%clk 1:31:16]} e6
{[%clk 1:27:35]} 3. cxd5 {[%clk 1:31:40]} exd5 {[%clk 1:27:59]} 4. g3
{[%clk 1:32:04]} Nf6 {[%clk 1:28:17]} 5. d4 {[%clk 1:32:24]} Be7 {[%clk 1:27:33]}
6. Bg2 {[%clk 1:32:47]} O-O {[%clk 1:27:53]} 7. O-O {[%clk 1:33:05]} b6
{[%clk 1:27:49]} 8. Nc3 {[%clk 1:33:12]} Bb7 {[%clk 1:26:44]} 9. e3
{[%clk 1:33:09]} c5 {[%clk 1:24:57]} 10. Qc2 {[%clk 1:31:17]} Nc6
{[%clk 1:20:24]} 11. a3 {[%clk 1:29:41]} Ne4 {[%clk 1:09:36]} 12. Nxe4
{[%clk 1:24:51]} dxe4 {[%clk 1:09:44]} 13. Qxe4 {[%clk 1:10:18]} Na5
{[%clk 1:04:53]} 14. Qd3 {[%clk 1:06:01]} Bd5 {[%clk 1:01:42]} 15. Nd2
{[%clk 0:55:36]} Bxg2 {[%clk 0:59:55]} 16. Kxg2 {[%clk 0:55:58]} Qd5+
{[%clk 0:58:31]} 17. Kg1 {[%clk 0:54:41]} cxd4 {[%clk 0:58:20]} 18. b4
{[%clk 0:49:22]} Nc6 {[%clk 0:56:27]} 19. Nb3 {[%clk 0:48:53]} Ne5
{[%clk 0:52:39]} 20. e4 {[%clk 0:38:47]} Qe6 {[%clk 0:45:15]} 21. Qd1
{[%clk 0:32:29]} Qh3 {[%clk 0:42:02]} 22. f4 {[%clk 0:30:49]} Ng4
{[%clk 0:34:37]} 23. Qe2 {[%clk 0:29:54]} d3 {[%clk 0:33:51]} 24. Qg2
{[%clk 0:27:50]} Qxg2+ {[%clk 0:31:53]} 25. Kxg2 {[%clk 0:28:14]} Rac8
{[%clk 0:32:01]} 26. Bd2 {[%clk 0:17:37]} Rc2 {[%clk 0:30:50]} 27. Kg1
{[%clk 0:17:26]} Rfc8 {[%clk 0:30:10]} 28. Rfc1 {[%clk 0:14:32]} Nf6
{[%clk 0:29:08]} 29. e5 Ne4 {[%clk 0:28:46]} 30. Be3 {[%clk 0:09:33]} R8c3
{[%clk 0:27:02]} 31. Nd4 {[%clk 0:09:01]} Rxc1+ {[%clk 0:27:22]} 32. Bxc1
{[%clk 0:08:21]} d2 {[%clk 0:18:57]} 33. Bb2 {[%clk 0:08:07]} Rc4
{[%clk 0:17:44]} 34. Kf1 {[%clk 0:06:08]} Nc3 {[%clk 0:16:31]} 35. Bxc3
{[%clk 0:06:04]} Rxc3 {[%clk 0:17:00]} 36. Ne2 {[%clk 0:03:20]} Rd3
{[%clk 0:14:53]} 37. Rd1 {[%clk 0:02:18]} a5 {[%clk 0:12:58]} 38. bxa5
{[%clk 0:02:12]} bxa5 {[%clk 0:13:27]} 39. a4 {[%clk 0:02:41]} Bb4
{[%clk 0:11:25]} 40. Ng1 {[%clk 0:02:17]} Ra3 {[%clk 0:09:44]} 41. Ke2
{[%clk 0:01:59]} Rxa4 {[%clk 0:09:07]} 42. Nf3 {[%clk 0:01:43]} Ra2
{[%clk 0:09:06]} 43. Nxd2 {[%clk 0:01:29]} Kf8 {[%clk 0:09:00]} 44. Kd3
{[%clk 0:01:33]} Ke7 {[%clk 0:07:55]} 45. Nf1 {[%clk 0:01:20]} Ra3+
{[%clk 0:06:44]} 46. Ke4 {[%clk 0:01:28]} a4 {[%clk 0:06:25]} 47. Ne3
{[%clk 0:01:15]} Rb3 {[%clk 0:04:42]} 48. Nd5+ {[%clk 0:01:13]} 1/2-1/2